| 000 | 00535nam a2200169 i 4500 | ||
|---|---|---|---|
| 001 | 65045 | ||
| 003 | ES-MaACL | ||
| 005 | 20230906165303.0 | ||
| 007 | t| | ||
| 008 | 040108q19401949sp ||||1| spa d | ||
| 100 | 1 |
_aFranken, Rose. _952325 |
|
| 245 | 1 | 0 |
_a¡Qué joven sigue Claudia! / _cpor Rose Franken ; versión castellana Fernando de Diego de la Rosa. |
| 260 |
_aMadrid : _bLa Nave, _c[194-?] ( _fRollán) |
||
| 300 |
_a353 p. ; _c15 cm. |
||
| 700 | 1 |
_aDiego de la Rosa, Fernando de. _944560 |
|
| 852 |
_aES-MaACL _jD-5765 _bR.26427 |
||
| 999 |
_c65045 _d65045 |
||